America renaissance: Art and expression in the age of Emerson & Whitman (Record no. 129276)

MARC details
000 -LEADER
fixed length control field 00412nam a2200145Ia 4500
008 - FIXED-LENGTH DATA ELEMENTS--GENERAL INFORMATION
fixed length control field 230917s9999||||xx |||||||||||||| ||und||
040 ## - CATALOGING SOURCE
-- 41617
Original cataloging agency VIVEKANANDA LIBRARY
041 ## - Language
-- English
082 ## - DDC NUMBER
Classification number 810.9 M433A
100 ## - MAIN ENTRY--PERSONAL NAME
Personal name Matthiessen, F O
245 #0 - TITLE STATEMENT
Title America renaissance: Art and expression in the age of Emerson & Whitman
260 ## - PUBLICATION, DISTRIBUTION, ETC. (IMPRINT)
Place of publication, distribution, etc Delhi
Name of publisher, distributor, etc Oxford University Press
Date of publication, distribution, etc 1973
300 ## - PHYSICAL DESCRIPTION
Pages xxiv, 678 p.
942 ## - ADDED ENTRY ELEMENTS (KOHA)
Koha item type Books
Holdings
Withdrawn status Lost status Damaged status Not for loan Location (home branch) Sublocation or collection (holding branch) Date acquired Koha issues (times borrowed) Koha full call number Accession No. Koha date last seen Koha item type
        VIVEKANANDA LIBRARY VIVEKANANDA LIBRARY 11/11/2002   810.9 M433A 22625 17/09/2023 Books
        VIVEKANANDA LIBRARY VIVEKANANDA LIBRARY 11/11/2002   810.9 M433A 94822 17/09/2023 Books
© Designed and Maintained by Vivekananda Library, MDU Rohtak